Fundamentals of Approximation Theory (Record no. 12960)

MARC details
000 -LEADER
fixed length control field 00450nam a2200181Ia 4500
008 - FIXED-LENGTH DATA ELEMENTS--GENERAL INFORMATION
fixed length control field 230524s9999 xx 000 0 und d
020 ## - INTERNATIONAL STANDARD BOOK NUMBER
ISBN 0849309395
082 ## - DEWEY DECIMAL CLASSIFICATION NUMBER
Classification number 515.36
Item number MHA
100 ## - MAIN ENTRY--AUTHOR NAME
Personal name Hrushikesh N.Mhaskar
245 #0 - TITLE STATEMENT
Title Fundamentals of Approximation Theory
250 ## - EDITION STATEMENT
Edition statement 1ST
260 ## - PUBLICATION, DISTRIBUTION, ETC. (IMPRINT)
Place of publication NEW DELHI
Name of publisher Narosa
Year of publication 2000
300 ## - PHYSICAL DESCRIPTION
Number of Pages XV;541
500 ## - GENERAL NOTE
General note Quantity Number: 2
650 ## - SUBJECT ADDED ENTRY--TOPICAL TERM
Topical Term Mathematics
700 ## - ADDED ENTRY--PERSONAL NAME
Personal name Devidas V.Pai
942 ## - ADDED ENTRY ELEMENTS (KOHA)
Koha item type Books
Holdings
Lost status Damaged status Permanent Location Current Location Shelving location Date acquired Full call number Accession Number Koha item type
    Central Library, Trident Academy of Technology Central Library, Trident Academy of Technology General Stacks 05/24/2023 515.36 MHA 6618 Books
    Central Library, Trident Academy of Technology Central Library, Trident Academy of Technology General Stacks 05/24/2023 515.36 MHA 6619 Books
Trident Academy of Technology © 2023.
All rights reserved.                                                                                                                                                                                                        Designed by Team of Central Library .

Powered by Koha